Vornamen aus der Fußball-Bundesliga 2001/02 - Statistiken

Allgemein
  • Dieses Quiz wurde 251 mal gespielt
  • Das Durchschnittsergebnis liegt bei 10 aus 18
Antwortstatistiken
Nachname Verein Vorname % Korrekt
Koller Borussia Dortmund Jan
87%
Schneider Bayer Leverkusen Bernd
82%
Klasnic Werder Bremen Ivan
78%
Santa Cruz Bayern München Roque
78%
Balitsch 1. FC Köln Hanno
75%
Jarolim 1. FC Nürnberg David
71%
Kluge Borussia Mönchengladbach Peer
70%
Stanislawski FC St. Pauli Holger
66%
Klimowicz VfL Wolfsburg Diego
59%
Di Salvo Hansa Rostock Antonio
49%
Strasser 1. FC Kaiserslautern Jeff
47%
Albertz Hamburger SV Jörg
43%
Meißner VfB Stuttgart Silvio
37%
Cerny 1860 München Harald
33%
Goor Hertha BSC Bart
30%
Oude Kamphuis Schalke 04 Niels
29%
Helbig Energie Cottbus Sebastian
26%
Zeyer SC Freiburg Andreas
24%
Keine übereinstimmenden Quizze gefunden
Verteilung der Resultate
Anzahl Personen mit jedem Resultat
Perzentil nach korrekt beantworteten Fragen
Ihre Resultats-Entwicklung
Sie haben dieses Quiz noch nicht gespielt